00454 2200193 4500001002100000005001500021035002000036245005200056100001500108300001100123260004400134082000800178084001400186990001200200990001200212990001200224990001200236990001200248INLIS00000000000164920250429083405 a0010-04250000651 aKumpulan Salat - Salat Sunah /cDrs. Moh. Rifai0 aMoh. Rifai a96 hlm aSemarang :bPT. Karya Toha Putra,c1993 a200 a200 MOH k a0754689 a0754690 a0754691 a0754692 a0754693